000 00497nmm a2200169Ia 4500
008 251105s9999||||xx |||||||||||||||||und||
020 _a9788499402987
041 _aspa
100 _aPalacio, Manuel
245 0 _aEl cine y la transición política en España
264 _a[Madrid, España] :
_bBiblioteca Nueva,
_c2012
300 _a272 páginas
490 _aBiblioteca otras eutopías
650 _aFilm studies
856 _uhttps://public.digitaliapublishing.com/a/17006
942 _cCF
999 _c92682
_d92682